<?xml version="1.0" encoding="UTF-8"?><?xml-stylesheet type="text/xsl" href="static/style.xsl"?><OAI-PMH xmlns="http://www.openarchives.org/OAI/2.0/" xmlns:xsi="http://www.w3.org/2001/XMLSchema-instance" xsi:schemaLocation="http://www.openarchives.org/OAI/2.0/ http://www.openarchives.org/OAI/2.0/OAI-PMH.xsd"><responseDate>2026-04-13T02:32:06Z</responseDate><request verb="GetRecord" identifier="oai:www.recercat.cat:2099.1/9240" metadataPrefix="marc">https://recercat.cat/oai/request</request><GetRecord><record><header><identifier>oai:recercat.cat:2099.1/9240</identifier><datestamp>2025-07-23T00:08:20Z</datestamp><setSpec>com_2072_1033</setSpec><setSpec>col_2072_452951</setSpec></header><metadata><record xmlns="http://www.loc.gov/MARC21/slim" xmlns:dcterms="http://purl.org/dc/terms/" xmlns:xsi="http://www.w3.org/2001/XMLSchema-instance" xmlns:doc="http://www.lyncode.com/xoai" xsi:schemaLocation="http://www.loc.gov/MARC21/slim http://www.loc.gov/standards/marcxml/schema/MARC21slim.xsd">
   <leader>00925njm 22002777a 4500</leader>
   <datafield ind2=" " ind1=" " tag="042">
      <subfield code="a">dc</subfield>
   </datafield>
   <datafield ind2=" " ind1=" " tag="720">
      <subfield code="a">Maazouz, Yassine</subfield>
      <subfield code="e">author</subfield>
   </datafield>
   <datafield ind2=" " ind1=" " tag="260">
      <subfield code="c">2010-02</subfield>
   </datafield>
   <datafield ind2=" " ind1=" " tag="520">
      <subfield code="a">Doble titulació</subfield>
   </datafield>
   <datafield ind2=" " ind1=" " tag="520">
      <subfield code="a">El presente proyecto, que estudia un cemento de fosfato de calcio dopado con silicio y lo&#xd;
compara con el cemento análogo sin dopar, se divide en dos partes. En la primera, se&#xd;
evalúa la bioactividad de ambos cementos in vitro, y en la segunda se estudia la liberación&#xd;
de iones de dichos cementos en distintos medios ampliamente utilizados en el campo de&#xd;
los biomateriales para realizar estudios in vitro. En todo el proyecto se ha hecho especial&#xd;
hincapié en el papel que juega el silicio en los procesos estudiados.&#xd;
Ambos cementos han sido preparados a partir de fosfato tricálcico alfa (α-TCP), cuya&#xd;
reacción de fraguado resulta en la formación de hidroxiapatita. En el caso del cemento&#xd;
dopado con silicio, el fosfato tricálcico alfa contiene este ión (Si-α-TCP) y la hidroxiapatita&#xd;
resultante puede incorporar parcialmente el silicio en su estructura (Si-HA).&#xd;
El estudio de bioactividad in vitro consiste en evaluar si los materiales cumplirían uno de&#xd;
los requisitos principales para que puedan crear un enlace directo con el hueso en el&#xd;
momento de ser implantados in vivo. Dicho requisito consiste en la formación de una&#xd;
capa de apatita, similar a la del hueso, en la superficie del material después de su&#xd;
implantación un ser vivo. Para predecir este fenómeno, los cementos fraguados fueron&#xd;
sumergidos en un fluido corporal simulado (SBF) durante distintos tiempos, entre 6 horas&#xd;
y 68 días, con la intención de observar la evolución de la capa de apatita en su superficie.&#xd;
Se observó la evolución del cemento fraguado y la formación la capa apatítica formada&#xd;
en cuanto a las fases cristalinas presentes, la cristalinidad de la capa, la variación de peso,&#xd;
la morfología de las superficies y la composición atómica.&#xd;
Se ha observado que, a partir de los 14 días de inmersión en el fluido corporal simulado,&#xd;
se forma una capa de apatita con una menor cristalinidad que el cemento fraguado en el&#xd;
caso de la Si-HA. En cambio, no se ha podido identificar claramente la formación de la&#xd;
capa de apatita en el caso de la HA, a pesar que su variación de peso indique un proceso&#xd;
de precipitación o adsorción de materia, probablemente minerales que podrían&#xd;
depositarse en la porosidad abierta del material. En resumen, se ha comprobado que el&#xd;
cemento de Si-HA tiene una mayor bioactividad que el cemento de HA.&#xd;
En la segunda parte del proyecto se ha realizado un estudio in vitro de la liberación de&#xd;
iones de ambos cementos fraguados, empleando cuatro medios que son comúnmente&#xd;
utilizados para realizar estudios in vitro con biomateriales. Dichos medios son: fluido&#xd;
corporal simulado (SBF), solución tampón de fosfatos (PBS), medio de cultivos celulares&#xd;
(McCoys) y agua destilada. Los cementos fraguados estuvieron inmersos en cada uno de&#xd;
los medios entre 6h y 21 días, y se cuantificaron las concentraciones de iones de Ca2+, P5+&#xd;
y Si4+.&#xd;
Se destacó que ambos cementos tienen un comportamiento muy similar respecto a las&#xd;
concentraciones de Ca2+ y P5+. Con respecto al ion silicio se observó concentraciones muy&#xd;
similares en el caso de los reactivos y de la Si-HA lo que despierta una sospecha en cuanto&#xd;
a la integración parcial del silicio en la red cristalina de la Si-HA. Este hecho parece indicar&#xd;
la presencia de un compuesto similar al SiO2 de partida. Finalmente comentar que la&#xd;
presencia de Si4+ argumenta a favor de un mecanismo activo de mejora de la bioactividad&#xd;
teniendo un efecto sobre las células del entorno y que parece favorecer la formación de&#xd;
la capa apatítica.</subfield>
   </datafield>
   <datafield tag="653" ind2=" " ind1=" ">
      <subfield code="a">Àrees temàtiques de la UPC::Enginyeria biomèdica::Biomaterials</subfield>
   </datafield>
   <datafield tag="653" ind2=" " ind1=" ">
      <subfield code="a">Àrees temàtiques de la UPC::Enginyeria dels materials::Assaig de materials</subfield>
   </datafield>
   <datafield tag="653" ind2=" " ind1=" ">
      <subfield code="a">Àrees temàtiques de la UPC::Enginyeria química::Biotecnologia</subfield>
   </datafield>
   <datafield tag="653" ind2=" " ind1=" ">
      <subfield code="a">Bone cements</subfield>
   </datafield>
   <datafield tag="653" ind2=" " ind1=" ">
      <subfield code="a">Calcium phosphate</subfield>
   </datafield>
   <datafield tag="653" ind2=" " ind1=" ">
      <subfield code="a">Biomedical materials</subfield>
   </datafield>
   <datafield tag="653" ind2=" " ind1=" ">
      <subfield code="a">Ciments ossis</subfield>
   </datafield>
   <datafield tag="653" ind2=" " ind1=" ">
      <subfield code="a">Fosfat de calci</subfield>
   </datafield>
   <datafield tag="653" ind2=" " ind1=" ">
      <subfield code="a">Biomaterials</subfield>
   </datafield>
   <datafield ind2="0" ind1="0" tag="245">
      <subfield code="a">Cementos de fosfato tricálcico sustituidos con silicio: estudio de la bioactividad y de la liberacion de iones</subfield>
   </datafield>
</record></metadata></record></GetRecord></OAI-PMH>